LEADER 01966oam 2200517M 450 001 9910716354503321 005 20200213070607.3 035 $a(CKB)5470000002520590 035 $a(OCoLC)1065946825 035 $a(OCoLC)995470000002520590 035 $a(EXLCZ)995470000002520590 100 $a20071213d1926 ua 0 101 0 $aeng 135 $aurcn||||||||| 181 $ctxt$2rdacontent 182 $cc$2rdamedia 183 $acr$2rdacarrier 200 10$aTo require filing of affidavit by certain officers of the United States. May 5, 1926. -- Committed to the Committee of the Whole House on the State of the Union and ordered to be printed 210 1$a[Washington, D.C.] :$c[U.S. Government Printing Office],$d1926. 215 $a1 online resource (1 page) 225 1 $aHouse report / 69th Congress, 1st session. House ;$vno. 1087 225 1 $a[United States congressional serial set ] ;$v[serial no. 8534] 300 $aBatch processed record: Metadata reviewed, not verified. Some fields updated by batch processes. 300 $aFDLP item number not assigned. 606 $aAffidavits 606 $aExtortion 606 $aLegislative amendments 606 $aMisconduct in office 606 $aPolitical corruption 606 $aCivil service 608 $aLegislative materials.$2lcgft 615 0$aAffidavits. 615 0$aExtortion. 615 0$aLegislative amendments. 615 0$aMisconduct in office. 615 0$aPolitical corruption. 615 0$aCivil service. 701 $aGraham$b George Scott$f1850-1931$pRepublican (PA)$01386798 801 0$bWYU 801 1$bWYU 801 2$bOCLCO 801 2$bOCLCQ 906 $aBOOK 912 $a9910716354503321 996 $aTo require filing of affidavit by certain officers of the United States. May 5, 1926. -- Committed to the Committee of the Whole House on the State of the Union and ordered to be printed$93524117 997 $aUNINA LEADER 04473nam 2201069 450 001 9910813122003321 005 20170919055318.0 010 $a1-78238-747-1 024 7 $a10.1515/9781782387473 035 $a(CKB)3710000000576879 035 $a(EBL)4007287 035 $a(SSID)ssj0001602045 035 $a(PQKBManifestationID)16310832 035 $a(PQKBTitleCode)TC0001602045 035 $a(PQKBWorkID)14851017 035 $a(PQKB)11097509 035 $a(MiAaPQ)EBC4007287 035 $a(DE-B1597)636951 035 $a(DE-B1597)9781782387473 035 $a(EXLCZ)993710000000576879 100 $a20150825d2015 uy| 0 101 0 $aeng 135 $aur|n|---||||| 181 $ctxt 182 $cc 183 $acr 200 00$aCulture, catastrophe, and rhetoric $ethe texture of political action /$fedited by Robert Hariman and Ralph Cintron 210 1$aNew York :$cBerghahn Books,$d2015. 215 $a1 online resource (274 p.) 225 1 $aStudies in rhetoric and culture ;$vvolume 7 300 $aDescription based upon print version of record. 311 $a1-78238-746-3 320 $aIncludes bibliographical references and index. 327 $aCulture, Catastrophe,and Rhetoric; Contents; Illustrations; Preface; Introduction; Chapter 1. The Communal Dilemma as a Cultural Resource in Hungarian Political Expression; Chapter 2. Chronotopes of the Political; Chapter 3. The In-Between States; Chapter 4. Occupy Wall Street as Rhetorical Citizenship; Chapter 5. Contemporary Social Movements and the Emergent Nomadic Political Logic; Chapter 6. "Project Heat" and Sensory Politics in Redeveloping Chicago Public Housing; Chapter 7. Reading between the Digital Lines; Chapter 8. The Uncertainty of Power and the Certainty of Irony 327 $aChapter 9. Grassroots Rhetorics in Times of ScarcityChapter 10. Too Too Much Much; Conclusion; Index 330 $aThis volume explores political culture, especially the catastrophic elements of the global social order emerging in the twenty-first century. By emphasizing the texture of political action, the book theorizes how social context becomes evident on the surface of events and analyzes the performative dimensions of political experience. The attention to catastrophe allows for an understanding of how ordinary people contend with normal system operation once it is indistinguishable from system breakdown. Through an array of case studies, the book provides an account of change as it is experienced, negotiated, and resisted in specific settings that define a society?s capacity for political action. 410 0$aStudies in rhetoric and culture ;$vvolume 7. 606 $aPolitics and culture$vCross-cultural studies 606 $aPolitical culture$vCross-cultural studies 606 $aPolitical participation$vCross-cultural studies 606 $aSocial action$vCross-cultural studies 606 $aRhetoric$xPolitical aspects 610 $aactivism. 610 $aanalysis. 610 $aanthropology. 610 $acapitalism. 610 $acase studies. 610 $acatastrophe. 610 $acatastrophic elements. 610 $aculture. 610 $ademocracy. 610 $aengaging. 610 $aevolution. 610 $agenerational. 610 $ahistorical. 610 $ahistory. 610 $ahuman condition. 610 $ahumanities. 610 $alifetime. 610 $amodern world. 610 $anormal system. 610 $aordinary people. 610 $aperformative dimensions. 610 $apolitical action. 610 $apolitical culture. 610 $apolitical experience. 610 $apolitical science. 610 $apolitical. 610 $arevolution. 610 $arhetoric. 610 $asocial changes. 610 $asocial context. 610 $asocial issues. 610 $asocial order. 610 $asocial sciences. 610 $asociety. 610 $atheoretical. 615 0$aPolitics and culture 615 0$aPolitical culture 615 0$aPolitical participation 615 0$aSocial action 615 0$aRhetoric$xPolitical aspects. 676 $a306.2 702 $aHariman$b Robert 702 $aCintron$b Ralph 801 0$bMiAaPQ 801 1$bMiAaPQ 801 2$bMiAaPQ 906 $aBOOK 912 $a9910813122003321 996 $aCulture, catastrophe, and rhetoric$94013574 997 $aUNINA